Представление документа в формате MARC21

Поле Инд. ПП Название Значение
Тип записи a
Библиографический уровень m
001 Контрольный номер 2222cb21f2cf4f898b08d3f5db4d5b53
005 Дата корректировки 20200514120403.5
008 Кодируемые данные 180412|||||||||ru |||||||||||||||||rus||
020 a ISBN 978-5-9916-3833-3
040 a Служба первич. каталог. DE
b Код языка каталог. rus
e Правила каталог. PSBO
084 a Индекс другой классификации/Индекс ББК 65.291.551-21
090 a Полочн. индекс 65.291.5
x Авторский знак И 66
245 10 a Заглавие Инновационный менеджмент
b Продолж. заглавия учеб. для акад. бакалавриата : учеб. для студентов высш. учеб. заведений, обучающихся по экон. направлению подгот. 080500 "Бизнес-информатика"
c Ответственность Высш. шк. экономики, Нац. исслед. ун-т ; под ред. С. В. Мальцевой
260 a Место издания Москва
b Издательство Юрайт
c Дата издания 2016
300 a Объем 526, [1] с.
440 _0 a Серия Бакалавр. Академический курс
500 a Примечание Кн. доступна в электрон. библ. сист. biblio-online.ru
504 a Библиография Библиогр.: с. 440-447
520 0_ a Аннотация Инновационный менеджмент, как вид менеджмента, определяется в качестве взаимосвязанного комплекса действий, нацеленного на достижение или поддержание необходимого уровня жизнеспособности и конкурентоспособности предприятия с помощью механизмов управления процессами создания, освоения, распространения и использования инноваций. Задача учебника – познакомить студентов и начинающих предпринимателей с основными задачами, возникающими при реализации инновационных проектов, путями и возможностями их решения, в том числе научиться привлекать для решения конкретных задач соответствующих специалистов из других сфер деятельности (из сферы управления финансами, специалистов в области конкретных технологических решений, аналитиков рынка и т.д.). Учебник снабжен практическими заданиями и примерами, поясняющими изложенный материал
583 x Служебное примечание Экон. специальности. ВПО
x Служебное примечание Бизнес-информатика. ВПО
z Открытое примечание Для студентов экономических специальностей
650 04 a Основная рубрика Инновации-Менеджмент-Учебные издания для высших учебных заведений-Бакалавриат
653 0_ a Ключевые слова Инновации; Инновационная деятельность; Менеджмент инновационный; Управление инновациями; Управление интеллектуальной собственностью
700 12 a Другие авторы Мальцева С. В.
e Роль лиц Редактор
900 a Имя макрообъекта инновационный менеджмент под ред мальцевой
901 t Тип документа m
952 b Гриф литературы для ВШ Рекомендовано УМО по образованию в области экономики, менеджмента, логистики и бизнес-информатики
c Вид литературы учебник